Statistics for Elements Named After Places On Earth

Click here to take the quiz!

General Stats

  • This quiz has been taken 41 times
    (14 since last reset)
  • The average score is 19 of 29

Answer Stats

PlaceElement% Correct
Californiacalifornium
100%
Magnesia, Greecemagnesium
100%
Germanygermanium
93%
Americaamericium
86%
Europeeuropium
86%
Francefrancium
86%
Strontian, Scotlandstrontium
86%
Ytterby, Swedenytterbium
86%
University of Berkeleyberkelium
71%
Moscowmoscovium
71%
Scandinaviascandium
71%
Ytterby, Swedenyttrium
71%
Cypruscopper
64%
Dubna, Russiadubnium
64%
Livermore National Laboratory, USlivermorium
64%
Polandpolonium
64%
Rhine, Germanyrhenium
64%
Darmstadt, Germanydarmstadtium
57%
Tennesseetennessine
57%
Thulethulium
57%
Ytterby, Swedenerbium
50%
Hesse, Germanyhassium
50%
Ytterby, Swedenterbium
50%
Francegallium
43%
Japannihonium
43%
Russiaruthenium
36%
Stockholm, Swedenholmium
29%
Paris, Francelutetium
29%
Copenhagen, Denmarkhafnium
21%

Score Distribution

Percentile by Number Answered

Percent of People with Each Score

Your Score History

You have not taken this quiz since the last reset